000 00771nas a2200253 4500
001 BR0706405
003 BR-BrBNA
005 20231205111253.0
007 ta
008 230509b bl.|||p| |||| 00| 00por d
040 _aBR-BrBNA
_bpor
_cBiblioteca Nacional de Agricultura
041 _a(Pt)
072 _aL73; L72
100 1 _aMello, E.B.F. de
100 1 _aMaugê, G.G.
100 1 _aCampos, M.S. de
245 1 _aIncidência da estrongiloidiase em cães da cidade de São Paulo
650 _aCÃO
650 _aPARASITO DE ANIMAL
650 _aSÃO PAULO
773 0 _tRevista da Faculdade de Medicina Veterinária (Brazil)
_xISSN 0301-7273
_g(Dec 1968), v. 7(4) p. 851-856
_wBR0706405
909 _a202311
_bLúcia
_c55
_dLúcia Elande
942 _2AGRIS
_n0
_cANA
999 _c191741
_d191741